| 000 | 00412nam a2200157 i 4500 | ||
|---|---|---|---|
| 001 | 95738 | ||
| 003 | ES-MaACL | ||
| 005 | 20230906181750.0 | ||
| 007 | t| | ||
| 008 | 050602s1972 sp ||||1| spa d | ||
| 100 | 1 |
_aLluza, Xulin de. _972980 |
|
| 245 | 1 | 2 |
_aL'escamplada / _c[Xulin de Lluza]. |
| 260 |
_aOviedo : _bLa Nueva EspaƱa, _c1972. |
||
| 300 |
_a92 p. ; _c17 cm. |
||
| 852 |
_aES-MaACL _jC-43928 _bR.83164 |
||
| 999 |
_c95738 _d95738 |
||